书目信息 |
| 题名: |
社区文化与教育
|
|
| 作者: | 白志刚 著 | |
| 分册: | ||
| 出版信息: | 北京 中国劳动社会保障出版社 2001.12 |
|
| 页数: | 172页 | |
| 开本: | 20cm | |
| 丛书名: | 21世纪社区工作者培训教程 | |
| 单 册: | ||
| 中图分类: | G123 | |
| 科图分类: | ||
| 主题词: | 社区--文化工作--技术培训--教材 | |
| 电子资源: | ||
| ISBN: | 7-5045-3265-7 | |
| 000 | 00782nam 2200241 450 | |
| 001 | 0154477352 | |
| 005 | 20050915111808.86 | |
| 010 | @a7-5045-3265-7@dCNY11.00 | |
| 100 | @a20050126d2001 km y0chiy0120 ea | |
| 101 | 0 | @achi |
| 102 | @aCN@b110000 | |
| 105 | @ay z 000yy | |
| 200 | 1 | @a社区文化与教育@Ashe qu wen hua yu jiao yu@f白志刚著@Fbai zhi gang zhu |
| 210 | @a北京@c中国劳动社会保障出版社@d2001.12 | |
| 215 | @a172页@d20cm | |
| 225 | 2 | @a21世纪社区工作者培训教程 |
| 330 | @a本书从基本理论,工作方法与途径和相关知识共五章来讲述社区文化,加强社区文化建设。 | |
| 410 | 0 | @12001 @a21世纪社区工作者培训教程 |
| 606 | 0 | @a社区@x文化工作@x技术培训@j教材 |
| 690 | @aG123@v4 | |
| 701 | 0 | @a白志刚@Abai zhi gang@4著 |
| 801 | 0 | @aCN@bQSSK@c20050915 |
| 905 | @a10447@dG123@eB151 | |
| 社区文化与教育/白志刚著.-北京:中国劳动社会保障出版社,2001.12 |
| 172页;20cm.-(21世纪社区工作者培训教程) |
| ISBN 7-5045-3265-7:CNY11.00 |
| 本书从基本理论,工作方法与途径和相关知识共五章来讲述社区文化,加强社区文化建设。 |
| ● |
| 相关链接 |
|
|
|
正题名:社区文化与教育
索取号:G123/B151
 
预约/预借
| 序号 | 登录号 | 条形码 | 馆藏地/架位号 | 状态 | 备注 |
| 1 | 564958 | 205649583 | 社科库409/409社科库 56排3列4层/ [索取号:G123/B151] | 在馆 | |
| 2 | 564959 | 205649592 | 社科库409/409社科库 56排3列4层/ [索取号:G123/B151] | 在馆 | |
| 3 | 564960 | 205649609 | 社科库409/409社科库 56排3列4层/ [索取号:G123/B151] | 在馆 |